Statistics for World Map without 12 Countries #2

Click here to take the quiz!

General Stats

  • This quiz has been taken 96,533 times
  • The average score is 9 of 12

Answers on the Map

Answers color-coded by a green-red scale on the quiz's map according to % correct below.
Loading ...
 

Answer Stats

Country% Correct
Australia
97%
Panama
93%
Portugal
87%
North Korea
86%
Morocco
79%
Greece
74%
Cuba
69%
Armenia
67%
Georgia
67%
Malaysia
67%
Vietnam
66%
Iceland
64%

Score Distribution

Percentile by Number Answered

Percent of People with Each Score

Your Score History

You have not taken this quiz